| 000 | 01023nas a2200313 4500 | ||
|---|---|---|---|
| 001 | BR9702041 | ||
| 003 | BR-BrBNA | ||
| 005 | 20231205100146.0 | ||
| 007 | ta | ||
| 008 | 230509b bl.|||p| |||| 00| 00por d | ||
| 040 |
_aBR-BrBNA _bpor _cBiblioteca Nacional de Agricultura |
||
| 041 | _a(Pt) | ||
| 072 | _aH10 | ||
| 100 | 1 | _aTorres, J.B. | |
| 100 | 1 | _aFreitas, F.S. | |
| 100 | 1 | _aPratissoli, D. | |
| 245 | 1 | _aAvaliacao de diferentes porcentagens da mistura de farinha de milho com farinha de trigo integral e levedura-de-cerveja na criacao de Anagasta kuchniella (Zeller, 1879) | |
| 650 | _aTraca dos Cereais | ||
| 650 | _aInseto para Controle Biologico | ||
| 650 | _aFarinha de Trigo | ||
| 650 | _aLevedo de Cerveja | ||
| 650 | _aPeso | ||
| 650 | _aExperiencia de Laboratorio | ||
| 650 | _aTemperatura | ||
| 650 | _aPostura | ||
| 773 | 0 |
_tCiencia e Pratica (Brazil) _xISSN 0100-3267 _g(Oct-Dec 1995), v. 19(4) p. 365-368 _wBR9702041 |
|
| 909 |
_a202311 _bLúcia _c55 _dLúcia Elande |
||
| 942 |
_2AGRIS _n0 _cANA |
||
| 999 |
_c154542 _d154542 |
||